| 000 | 00672nam a22002297a 4500 | ||
|---|---|---|---|
| 999 |
_c3803 _d3803 |
||
| 003 | AR-CdUCM | ||
| 008 | 190307b ||||| |||| 00| 0 spa d | ||
| 040 |
_aMUNICIPALIDAD PROVINCIAL DEL CUSCO _cBIBLIOTECA MUNICIPAL DEL CUSCO |
||
| 082 |
_a869.56 / _bL57 |
||
| 100 |
_aeón Charca, Aly Félix _912264 |
||
| 245 | _aHablemos derecho / | ||
| 260 |
_aCusco : _bDanny's graff, _c2007. |
||
| 300 |
_a149 paginas ; _c19 cm. |
||
| 505 | _aContenido :Novela / | ||
| 650 |
_aNovelas peruanas _9545 |
||
| 650 |
_aSiglo XX _98 |
||
| 650 |
_aAbogados en la literatura _912265 |
||
| 650 |
_aFiccion _9184 |
||
| 650 |
_aCorrepcion _912266 |
||
| 942 |
_2ddc _cLIBROS |
||
| 945 | _arjall | ||